| 000 | 00528nam a2200193Ia 4500 | ||
|---|---|---|---|
| 999 |
_c3274 _d3274 |
||
| 003 | OSt | ||
| 005 | 20200818130445.0 | ||
| 008 | 190216s9999||||xx |||||||||||||| ||und|| | ||
| 020 | _a9788175960565 | ||
| 040 | _coclc | ||
| 082 |
_a540 _bJON/C |
||
| 100 |
_aJones, Mary _94192 |
||
| 245 | 0 |
_aChemistry / _cMary Jones ; Geoff Jones ; David Acaster |
|
| 250 | _a2nd Ed. | ||
| 260 |
_bCambridge Uty Press, _a2004. _cUK: |
||
| 300 | _a216p | ||
| 650 | _aChemistry | ||
| 942 |
_cBK _2ddc _h540 _iJON/C _k540 _mJON/C |
||